000 00401nam a22001697a 4500
003 BD-DhUIB
005 20251116152430.0
008 251116b |||||||| |||| 00| 0 eng d
040 _aBD-DhUIB
_cBD-DhUIB
050 _a332.0973
082 _222
100 _aRoss, Peter S.
_91092
245 _aMoney and capipal markets/
_cby Peter S. Rose.
250 _a9th ed.
526 _aBBA
942 _2ddc
_cBK
999 _c671
_d671